[Event "Muensterland Verbandsklasse-B 0809"]
[Site "Germany"]
[Date "2009.01.10"]
[Round "5.4"]
[White "Schwietering, Ralf"]
[Black "Schroer, Klaus"]
[Result "1/2-1/2"]
[WhiteElo "1696"]
[BlackElo "1814"]
[PlyCount "98"]
[EventDate "2008.09.13"]
[EventType "team-tourn"]
[EventRounds "9"]
[EventCountry "GER"]
[SourceTitle "EXT 2010"]
[Source "ChessBase"]
[SourceDate "2010.11.25"]
[SourceVersion "1"]
[SourceVersionDate "2010.11.25"]
[SourceQuality "1"]
[WhiteTeam "Ochtrup"]
[BlackTeam "Borken"]
[WhiteTeamCountry "GER"]
[BlackTeamCountry "GER"]

1. e4 e5 2. Nf3 Nc6 3. Bc4 Bc5 4. 0-0 d6 5. h3 Nf6 6. d3 Be6 7. Bb3 Nd4 8. Nxd4 Bxd4 9. c3 Bb6 10. Be3 c6 11. Nd2 h6 12. Qe2 0-0 13. Rad1 Re8 14. Bxe6 Rxe6 15. Kh2 d5 16. exd5 cxd5 17. Bxb6 Qxb6 18. Nb3 Rae8 19. Rfe1 e4 20. Qe3 Qd6+ 21. Qg3 Qxg3+ 22. fxg3 exd3 23. Rxe6 Rxe6 24. Rxd3 Re2 25. Rd2 Rxd2 26. Nxd2 Kf8 27. g4 Ke7 28. Kg3 Kd6 29. Kf4 b5 30. Nf3 a6 31. Ne5 Ke6 32. Nd3 Nd7 33. Ke3 a5 34. a3 Kd6 35. Kd4 f6 36. b4 axb4 37. axb4 Ne5 38. Nf4 Nc6+ 39. Kd3 d4 40. Nh5 Kd5 41. Nxg7 Ne5+ 42. Kc2 d3+ 43. Kd2 Ke4 44. Nf5 Nc4+ 45. Ke1 h5 46. Ng3+ Kf4 47. Nf1 hxg4 48. g3+ Kf3 49. h4 Nd6 1/2-1/2

[Event "Muensterland Verbandsklasse-A 0708"]
[Site "Germany"]
[Date "2008.04.12"]
[Round "8.3"]
[White "Noering, Andreas"]
[Black "Schwietering, Ralf"]
[Result "1-0"]
[WhiteElo "1796"]
[BlackElo "1790"]
[PlyCount "31"]
[EventDate "2007.09.22"]
[EventType "team"]
[EventRounds "9"]
[EventCountry "GER"]
[SourceTitle "EXT 2009"]
[Source "ChessBase"]
[SourceDate "2008.11.26"]
[SourceVersion "1"]
[SourceVersionDate "2008.11.26"]
[SourceQuality "1"]
[WhiteTeam "Emsdetten Rochade"]
[BlackTeam "Ochtrup"]
[WhiteTeamCountry "GER"]
[BlackTeamCountry "GER"]

1. e4 c5 2. Nf3 d6 3. d4 cxd4 4. Nxd4 Nf6 5. Nc3 g6 6. f4 Bg7 7. e5 dxe5 8. fxe5 Nfd7 9. e6 Ne5 10. Bb5+ Kf8 11. Be3 f5 12. 0-0 a6 13. Nxf5 Qxd1 14. Raxd1 Bxe6 15. Rd8+ Kf7 16. Nh6# 1-0

[Event "Muensterland Verbandsklasse-A 0708"]
[Site "Germany"]
[Date "2008.03.08"]
[Round "7.4"]
[White "Schwietering, Ralf"]
[Black "Rothkegel, Juergen"]
[Result "0-1"]
[WhiteElo "1790"]
[BlackElo "1889"]
[PlyCount "82"]
[EventDate "2007.09.22"]
[EventType "team"]
[EventRounds "9"]
[EventCountry "GER"]
[SourceTitle "EXT 2009"]
[Source "ChessBase"]
[SourceDate "2008.11.26"]
[SourceVersion "1"]
[SourceVersionDate "2008.11.26"]
[SourceQuality "1"]
[WhiteTeam "Ochtrup"]
[BlackTeam "Gronau"]
[WhiteTeamCountry "GER"]
[BlackTeamCountry "GER"]

1. e4 e5 2. Nf3 Nc6 3. Bc4 Bc5 4. c3 Nf6 5. d4 exd4 6. cxd4 Bb4+ 7. Nc3 Nxe4 8. 0-0 Bxc3 9. d5 Bf6 10. Re1 Ne7 11. Rxe4 d6 12. Bg5 Bxg5 13. Nxg5 h6 14. Qh5 0-0 15. Rae1 Nf5 16. Nh3 Bd7 17. Bd3 g6 18. Qe2 Re8 19. Rxe8+ Qxe8 20. Qxe8+ Rxe8 21. Rxe8+ Bxe8 22. Bxf5 gxf5 23. Kf1 Bb5+ 24. Ke1 Bc4 25. a3 Bxd5 26. Nf4 Be4 27. Kd2 Kg7 28. f3 Bc6 29. Ke3 Kf6 30. Ne2 Ke5 31. f4+ Kd5 32. g3 Kc4 33. Kd2 Be4 34. Kc1 c5 35. Nc3 d5 36. Nd1 a5 37. Ne3+ Kb3 38. Nd1 d4 39. Nf2 c4 40. Nd1 c3 41. bxc3 dxc3 0-1

[Event "Muensterland Verbandsklasse-A 0708"]
[Site "Germany"]
[Date "2007.12.15"]
[Round "4.3"]
[White "Schwietering, Ralf"]
[Black "Sicking, Norbert"]
[Result "1/2-1/2"]
[WhiteElo "1790"]
[BlackElo "1804"]
[PlyCount "84"]
[EventDate "2007.09.22"]
[EventType "team"]
[EventRounds "9"]
[EventCountry "GER"]
[SourceTitle "EXT 2009"]
[Source "ChessBase"]
[SourceDate "2008.11.26"]
[SourceVersion "1"]
[SourceVersionDate "2008.11.26"]
[SourceQuality "1"]
[WhiteTeam "Ochtrup"]
[BlackTeam "Heiden II"]
[WhiteTeamCountry "GER"]
[BlackTeamCountry "GER"]

1. e4 e6 2. d4 d5 3. e5 c5 4. f4 cxd4 5. Qxd4 Nc6 6. Qf2 g6 7. Nf3 Be7 8. Be2 Nh6 9. h3 Qa5+ 10. c3 Nf5 11. b4 Nxb4 12. cxb4 Qxb4+ 13. Bd2 Qb2 14. Bc3 Qc1+ 15. Bd1 Qxf4 16. 0-0 b6 17. Nd4 Qxf2+ 18. Rxf2 Bh4 19. Re2 Ba6 20. Ba4+ Kf8 21. Bb4+ Kg7 22. Nxf5+ gxf5 23. g3 Bxe2 24. gxh4 h6 25. Nc3 Bc4 26. Kf2 Kh7 27. Be7 Rhg8 28. Bf6 a6 29. Bd1 Ra7 30. Bf3 Rc7 31. a3 b5 32. Rc1 Bb3 33. Ke3 a5 34. Ne2 Bc4 35. Nd4 b4 36. axb4 axb4 37. h5 b3 38. Nxb3 Rb8 39. Nd4 Rbc8 40. Rg1 Rg8 41. Rc1 Rgc8 42. Rg1 Rg8 1/2-1/2

[Event "Muensterland Verbandsklasse-A 0708"]
[Site "Germany"]
[Date "2007.11.17"]
[Round "3.4"]
[White "Schwietering, Ralf"]
[Black "Chilla, Jan Eric"]
[Result "1/2-1/2"]
[WhiteElo "1790"]
[BlackElo "1651"]
[PlyCount "116"]
[EventDate "2007.09.22"]
[EventType "team"]
[EventRounds "9"]
[EventCountry "GER"]
[SourceTitle "EXT 2009"]
[Source "ChessBase"]
[SourceDate "2008.11.26"]
[SourceVersion "1"]
[SourceVersionDate "2008.11.26"]
[SourceQuality "1"]
[WhiteTeam "Ochtrup"]
[BlackTeam "Muenster SK IV"]
[WhiteTeamCountry "GER"]
[BlackTeamCountry "GER"]

1. e4 c5 2. Nf3 e6 3. d4 cxd4 4. Nxd4 Nf6 5. Nc3 Nc6 6. a3 a6 7. Be3 Qc7 8. Be2 d6 9. 0-0 Be7 10. f3 Bd7 11. Qd2 0-0 12. Rfd1 Rad8 13. Nb3 Na5 14. Nxa5 Qxa5 15. Nd5 Qxd2 16. Nxe7+ Kh8 17. Bxd2 Rfe8 18. Bb4 Rxe7 19. Bxd6 Ree8 20. e5 Nd5 21. c4 Nf4 22. Bf1 Ba4 23. Rd4 g5 24. g3 Ng6 25. c5 Bc6 26. Kf2 Ne7 27. Rg4 h6 28. h4 gxh4 29. Rxh4 Nf5 30. Rh5 Kg7 31. Bd3 Nd4 32. Be4 Bxe4 33. fxe4 Rc8 34. b4 b6 35. cxb6 Rc2+ 36. Ke3 Nb3 37. Rah1 Rc3+ 38. Kf4 Nd4 39. R1h2 Rec8 40. Rxh6 Ne2+ 41. Rxe2 Kxh6 42. b7 Rg8 43. Rh2+ Kg6 44. b8Q Rxb8 45. Bxb8 Rxa3 46. Bd6 a5 47. bxa5 Rxa5 48. g4 Ra1 49. Be7 Rf1+ 50. Ke3 Re1+ 51. Kf3 Rf1+ 52. Rf2 Ra1 53. Bf6 Ra3+ 54. Kf4 Ra4 55. g5 Ra3 56. Rh2 Rf3+ 57. Kg4 Rg3+ 58. Kh4 Rg4+ 1/2-1/2